| Tag |
First Indicator |
Second Indicator |
Subfields |
| LEADER |
00000cam a22000004a 4500 |
| 001 |
in00001654513 |
| 005 |
20151023113234.0 |
| 008 |
010727s2002 dcua b 101 0 eng |
| 010 |
|
|
|a 2001046392
|
| 020 |
|
|
|a 0841237689 (alk. paper)
|
| 035 |
|
|
|a (OCoLC)ocm47696219
|
| 040 |
|
|
|a DLC
|c DLC
|d AGL
|d TXA
|d UtOrBLW
|
| 042 |
|
|
|a pcc
|
| 049 |
|
|
|a TXAM
|
| 050 |
0 |
0 |
|a TA418.9.N35
|b P66 2002
|
| 070 |
0 |
|
|a QD1
|b .A45 no. 804
|
| 082 |
0 |
0 |
|a 620.1/92
|2 21
|
| 245 |
0 |
0 |
|a Polymer nanocomposites :
|b synthesis, characterization, and modeling /
|c Ramanan Krishnamoorti, editor, Richard A. Vaia, editor.
|
| 264 |
|
1 |
|a Washington, D.C. :
|b American Chemical Society :
|c [2002]
|
| 264 |
|
2 |
|a Washington, D.C. :
|b Distributed by Oxford University Press,
|
| 264 |
|
4 |
|c ©2002
|
| 300 |
|
|
|a x, 242 pages :
|b illustrations ;
|c 24 cm.
|
| 336 |
|
|
|a text
|b txt
|2 rdacontent
|
| 337 |
|
|
|a unmediated
|b n
|2 rdamedia
|
| 338 |
|
|
|a volume
|b nc
|2 rdacarrier
|
| 490 |
1 |
|
|a ACS symposium series ;
|v 804
|
| 500 |
|
|
|a Based on contributions to the Polymer Nanocomposites symposium, held at the spring 2000 American Chemical Society meeting.
|
| 504 |
|
|
|a Includes bibliographical references and indexes.
|
| 650 |
|
0 |
|a Nanostructured materials
|v Congresses.
|
| 650 |
|
0 |
|a Polymeric composites
|v Congresses.
|
| 700 |
1 |
|
|a Krishnamoorti, Ramanan,
|d 1966-
|
| 700 |
1 |
|
|a Vaia, Richard A.
|
| 710 |
2 |
|
|a American Chemical Society.
|b Meeting
|n (219th :
|d 2000)
|
| 830 |
|
0 |
|a ACS symposium series ;
|v 804.
|
| 948 |
|
|
|a cataloged
|b h
|c 2002/1/18
|d c
|e dmitchel
|f 9:10:30 am
|
| 994 |
|
|
|a E0
|b TXA
|
| 999 |
|
|
|a MARS
|
| 999 |
f |
f |
|s d04d6242-f440-30e9-bab1-a4d626fce5c7
|i 9ff6876b-e2ac-3367-a8d1-10fdbb445180
|t 0
|
| 952 |
f |
f |
|p ric
|a Texas A&M University
|b Rellis Campus
|c Joint Library Facility
|d Remote Storage
|t 0
|e TA418.9.N35 P66 2002
|h Library of Congress classification
|i unmediated -- volume
|m A14828392444
|
| 998 |
f |
f |
|a TA418.9.N35 P66 2002
|t 0
|l Remote Storage
|